000 00484nam a22001697a 4500
005 20240704111326.0
008 240704b |||||||| |||| 00| 0 eng d
020 _a97807645721385
082 _a005.8
_bMCC-C
100 _aMccullough, Jack
245 _aCaution! :
_bWireless networking preventing a data disaster /
_cJack Mccullough
260 _aUSA:
_bWiley;
_c2004.
300 _axix, 269 p. :
_bill;
_c23 cm.
500 _ainclude index.
650 _aNetworking
999 _c36032
_d36032